| 000 | 00707nam a2200253Ia 4500 | ||
|---|---|---|---|
| 003 | OSt | ||
| 005 | 20220926015244.0 | ||
| 006 | a|||||r|||| 00| 0 | ||
| 007 | ta | ||
| 008 | 220923b |||||||| |||| 00| 0 eng d | ||
| 037 | _cGeneral Book | ||
| 040 |
_aRTL _cRTL _beng |
||
| 041 |
_2eng _aeng |
||
| 082 | _aY7, H7:L4 | ||
| 100 |
_aMontagu Ashley _947777 |
||
| 245 | 0 |
_aMan's most dangerous myth _b the fallacy of race |
|
| 250 | _a5 | ||
| 260 |
_aNew York _bOxford University Press _c1974 |
||
| 300 |
_axvi, 542p _ccm. |
||
| 500 | _aBibliography: P 449-528; Appendix: P 435-47 | ||
| 650 | _aRace | ||
| 942 |
_hY7, H7:L4 _cGB _2CC |
||
| 999 |
_c630889 _d630889 |
||